| 000 | 00729nam a22002417a 4500 | ||
|---|---|---|---|
| 001 | 3810 | ||
| 003 | FISKH | ||
| 005 | 20240510104243.0 | ||
| 008 | 240510b cb ||||| |||| 00| 0 eng d | ||
| 040 |
_aFISK _beng _cFISK _dFISK |
||
| 050 | _aPZ7.S1185 | ||
| 082 | _a823.4 | ||
| 100 |
_aSachar Louis _d1954- |
||
| 245 |
_aSomeday angeline / _cLouis Sachar |
||
| 260 |
_aNew York : _bAn avon camelot book, _c1983 |
||
| 300 |
_a154 pages : _billustrations, _c20 cm |
||
| 505 | _aK | ||
| 520 | _aAs an eight-year-old genius in the sixth grade, Angeline is not too popular, but she tries to adjust to being different. | ||
| 521 | 8 |
_a610 _bLexiles |
|
| 700 | _aLouis Sachar | ||
| 942 |
_2ddc _cBK _n0 |
||
| 999 |
_c3810 _d3810 |
||